000 00489nam a2200193 a 4500
001 1777027203507
003 YourLibrary
005 20260424161208.0
008 260424s2007##################000#0#eng##
020 _a9780205494958
082 0 4 _a344.73078FIS
100 1 _aFischer, Louis,
_eauthor.
245 1 0 _aTeachers and the Law :
260 _bAllyn & Bacon,
_c2007.
300 _a500 pages
650 0 _aEducation.
942 _cENGLISH
040 _aYourLibrary
_beng
_cYourLibrary
999 _c619856
_d619856